000 00618nam a22002417a 4500
003 UA-OsUOA
001 78276
007 ta
008 20111007b un ||||| |||| 00| 0 ukr d
100 _aЛучак М.
090 _a821.162.1=161.2
_bЛ87
942 _cBK
040 _aUA-OsUOA
_bukr
_cUA-OsUOA
_dUA-OsUOA
245 _aЛисти до неба
300 _a152 с.
955 _a3
041 _aukr
080 _a821.162.1=161.2
020 _a978-83-926994-9-1
260 _aПеремишль
_c2009
650 7 _a82 Література. Літературознавство
_2UDC
999 _c364590
_d364590